| 000 | 00535nam a2200193Ia 4500 | ||
|---|---|---|---|
| 003 | OSt | ||
| 005 | 20260116120639.0 | ||
| 008 | 210210b1945 xxu||||| |||| 00| 0 eng d | ||
| 040 | _cAL | ||
| 041 | _aKannada | ||
| 082 | _a859/660 | ||
| 100 |
_aTIMMAPPAYYA MULIYA _9136695 _dತಿಮ್ಮಪ್ಪಯ್ಯ ಮುಳಿಯ |
||
| 245 |
_aPaschattapa _bಪಶ್ಚಾತ್ತಾಪ |
||
| 260 |
_aMangaluru _b- _c1945 |
||
| 650 |
_aPaschAttApa _9136696 |
||
| 690 |
_aKannada Fiction _9136697 |
||
| 906 | _a021512 | ||
| 942 |
_2ddc _cBK |
||
| 999 |
_c145600 _d145600 |
||